Pays champion du monde de : Boxe anglaise par médaille - Statistiques

Statistiques générales
  • Ce quiz a été pris 186 fois
  • Le résultat moyen est 18 sur 38
Statistiques - réponses
Médaille d'or Masculin Féminim Pays % Correct
10 6 4 France
99%
28 20 8 Etats-Unis
98%
55 31 24 Russie
93%
2 1 1 Royaume-Uni
90%
23 5 18 Chine
77%
5 4 1 Allemagne
76%
85 85 Cuba
73%
2 2 Japon
73%
8 8 Canada
70%
10 6 4 Italie
68%
3 1 2 Brésil
67%
9 7 2 Ukraine
67%
11 11 Inde
59%
23 18 5 Kazakhstan
54%
1 1 Maroc
54%
2 1 1 Pologne
53%
8 8 Irlande
52%
13 2 11 Turquie
52%
2 2 Corée du sud
48%
8 7 1 Roumanie
46%
2 2 Suède
46%
1 1 Thailande
46%
13 13 URSS
43%
13 13 Ouzbekistan
42%
6 3 3 Hongrie
38%
9 8 1 Bulgarie
33%
1 1 Biélorussie
30%
1 1 Géorgie
30%
1 1 Arménie
26%
8 8 Corée du nord
26%
1 1 Nigeria
24%
6 6 Azerbaidjan
23%
1 1 Yougoslavie
22%
1 1 Mongolie
18%
1 1 Allemagne de l'est
14%
1 1 Kenya
8%
2 2 Porto-Rico
6%
1 1 Ouganda
5%
Aucun quiz correspondant
Distribution des résultats
% des personnes avec chaque résultat
Percentile par nombre de réponses
Votre historique - résultats
Vous n’avez pas pris ce quiz